Historia de la literatura española y universal : Sexto curso - Antología

Gespeichert in:
Bibliographische Detailangaben
1. Verfasser: García López, José. Autor
Format: Buch
Sprache:Spanisch
Erschienen: Barcelona Teide 1970
Katalog:MANES:  Suchergebnis im Bibliothekskatalog
Schulbuchspezifische Eigenschaften:
Tags: Tag hinzufügen
Keine Tags, Fügen Sie den ersten Tag hinzu!
Hinzugefügt zu:20.05.2019
Geändert in:07.05.2025

MARC

LEADER 00000nam a2200000Ia 4500
003 aOSt
005 20250507133404.0
008 190521s9999 xx 000 0 spa d
561 |5 es-CICE  |3 FMa/L564  |a España. Centro Internacional de la Cultura Escolar  |k MANES 
999 |c 104539  |d 104539 
040 |c Centro_internacional de la cultura escolar  |a centro_manes 
080 |a 372.881.1 
100 |a García López, José. Autor  |9 5550 
245 1 1 |a Historia de la literatura española y universal : Sexto curso - Antología  
255 |a 11ª ed. 
260 |a Barcelona   |b Teide  |c 1970 
300 |a 238 p.   |c 22 x 15.5 cm. 
546 |a España 
690 0 |a LEN 
691 0 |a SE 
942 |c BK  |2 ddc 
999 |c manes:104539  |d 104539